[Event "Venice Province-ch 69th"]
[Site "Venice Mestre"]
[Date "2009.01.31"]
[Round "2"]
[White "Bordin, Renato"]
[Black "Di Fresco, Michele"]
[Result "1-0"]
[WhiteElo "1530"]
[BlackElo "1407"]
[PlyCount "105"]
[EventDate "2009.01.30"]
[EventType "swiss"]
[EventRounds "5"]
[EventCountry "ITA"]
[SourceTitle "EXT 2022"]
[Source "ChessBase"]
[SourceDate "2021.10.06"]
[SourceVersion "1"]
[SourceVersionDate "2021.10.06"]
[SourceQuality "1"]

1. d4 Nf6 2. c4 g6 3. Bg5 Ne4 4. Nf3 Bg7 5. Qd3 d5 6. Nc3 Nxg5 7. Nxg5 0-0 8. cxd5 e6 9. Nf3 exd5 10. e3 Bf5 11. Qb5 Be4 12. Be2 b6 13. 0-0 c5 14. dxc5 bxc5 15. Qxc5 Nd7 16. Qa3 Nb6 17. Nxe4 dxe4 18. Rfd1 Qf6 19. Nd4 Rfc8 20. Rac1 Bf8 21. Rxc8 Nxc8 22. Qb3 Nb6 23. Rc1 Bd6 24. Rc6 Qe5 25. g3 h5 26. Nb5 Nc8 27. Nxd6 Nxd6 28. Qc2 Rb8 29. b3 Rd8 30. Ba6 Ne8 31. a4 g5 32. Qc4 Rd1+ 33. Kg2 Qf5 34. Qe2 Qe5 35. Rh6 g4 36. Bc4 Qe7 37. Rxh5 Nf6 38. Rg5+ Kh7 39. Rc5 Rd2 40. Qe1 Qd6 41. Bxf7 Nd7 42. Rh5+ Kg7 43. Bc4 Rb2 44. Rg5+ Kh6 45. Rxg4 Qe5 46. Qd1 Nf6 47. Rh4+ Kg6 48. Qd4 Rxf2+ 49. Kxf2 Qf5+ 50. Rf4 Ng4+ 51. Kg2 Qh5 52. Qxe4+ Kg7 53. Rxg4+ 1-0